|
|
|
|
| LEADER |
02827nam a2200781 4500 |
| 001 |
ocn843956431 |
| 003 |
OCoLC |
| 005 |
20170124071650.5 |
| 006 |
m o d |
| 007 |
cr ||||||||||| |
| 008 |
130517s2013 enk ob 001 0 eng |
| 010 |
|
|
|a 2013020178
|
| 040 |
|
|
|a DLC
|b eng
|e rda
|c DLC
|d N$T
|d CUS
|d DG1
|d TEFOD
|d YDXCP
|d IDEBK
|d EBLCP
|d CDX
|d DEBBG
|d DEBSZ
|d TEFOD
|d GrThAP
|
| 019 |
|
|
|a 858655488
|a 900743836
|
| 020 |
|
|
|a 9781118528754 ( ePub)
|
| 020 |
|
|
|a 1118528751 ( ePub)
|
| 020 |
|
|
|a 9781118528716 (MobiPocket)
|
| 020 |
|
|
|a 1118528719 (MobiPocket)
|
| 020 |
|
|
|a 9781118528730 (Adobe PDF)
|
| 020 |
|
|
|a 1118528735 (Adobe PDF)
|
| 020 |
|
|
|z 9780813809519 (cloth)
|
| 020 |
|
|
|a 9781118528723
|
| 020 |
|
|
|a 1118528727
|
| 020 |
|
|
|a 1299863388
|
| 020 |
|
|
|a 9781299863385
|
| 029 |
1 |
|
|a CHBIS
|b 010131683
|
| 029 |
1 |
|
|a CHVBK
|b 314709010
|
| 029 |
1 |
|
|a NZ1
|b 15341631
|
| 029 |
1 |
|
|a DEBSZ
|b 43149858X
|
| 029 |
1 |
|
|a DEBBG
|b BV041397708
|
| 035 |
|
|
|a (OCoLC)843956431
|z (OCoLC)858655488
|z (OCoLC)900743836
|
| 037 |
|
|
|a 517589
|b MIL
|
| 037 |
|
|
|a 9C89B3E4-4172-48BA-9B81-261B9233843F
|b OverDrive, Inc.
|n http://www.overdrive.com
|
| 042 |
|
|
|a pcc
|
| 050 |
0 |
0 |
|a RM237.73
|
| 072 |
|
7 |
|a HEA
|x 010000
|2 bisacsh
|
| 072 |
|
7 |
|a HEA
|x 012000
|2 bisacsh
|
| 072 |
|
7 |
|a HEA
|x 020000
|2 bisacsh
|
| 072 |
|
7 |
|a MED
|x 076000
|2 bisacsh
|
| 082 |
0 |
0 |
|a 613.2/833
|2 23
|
| 049 |
|
|
|a MAIN
|
| 245 |
0 |
0 |
|a Resistant starch :
|b sources, applications and health benefits /
|c edited by Clodualdo C. Maningat, Yong-Cheng Shi.
|
| 264 |
|
1 |
|a Chichester, West Sussex, UK :
|b IFT Press/Wiley Blackwell,
|c 2013.
|
| 300 |
|
|
|a 1 online resource.
|
| 336 |
|
|
|a text
|2 rdacontent
|
| 337 |
|
|
|a computer
|2 rdamedia
|
| 338 |
|
|
|a online resource
|2 rdacarrier
|
| 490 |
1 |
|
|a IFT Press series
|
| 504 |
|
|
|a Includes bibliographical references and index.
|
| 588 |
|
|
|a Description based on print version record and CIP data provided by publisher.
|
| 650 |
|
0 |
|a Low-carbohydrate diet.
|
| 650 |
|
0 |
|a Starch
|x Health aspects.
|
| 650 |
|
0 |
|a Reducing diets.
|
| 650 |
|
2 |
|a Diet, Carbohydrate-Restricted.
|
| 650 |
|
2 |
|a Starch.
|
| 650 |
|
2 |
|a Diet, Reducing.
|
| 650 |
|
7 |
|a HEALTH & FITNESS
|x Healthy Living.
|2 bisacsh
|
| 650 |
|
7 |
|a HEALTH & FITNESS
|x Holism.
|2 bisacsh
|
| 650 |
|
7 |
|a HEALTH & FITNESS
|x Reference.
|2 bisacsh
|
| 650 |
|
7 |
|a MEDICAL
|x Preventive Medicine.
|2 bisacsh
|
| 655 |
|
4 |
|a Electronic books.
|
| 655 |
|
0 |
|a Electronic books.
|
| 700 |
1 |
|
|a Maningat, Clodualdo C.,
|e editor of compilation.
|
| 700 |
1 |
|
|a Shi, Yong-Cheng,
|e editor of compilation.
|
| 776 |
0 |
8 |
|i Print version:
|t Resistant starch
|d Chichester, West Sussex, UK : John Wiley & Sons Inc., 2013
|z 9780813809519
|w (DLC) 2013014149
|
| 830 |
|
0 |
|a IFT Press series.
|
| 856 |
4 |
0 |
|u https://doi.org/10.1002/9781118528723
|z Full Text via HEAL-Link
|
| 994 |
|
|
|a 92
|b DG1
|